000 00218 a2200097 4500
001 49656
100 _aBrohi
245 _aAn Adunture in Self - Expression
260 _aDin M Press
_bKarachi
_c
090 _c32169
_d32169
942 _aNUST-CAE
_cM
_c24635
999 _c284729
_d284729